Model Minimum Inventory of Roadway Elements-------- MMIRE / (Record no. 2183)
[ view plain ]
| 000 -LEADER | |
|---|---|
| fixed length control field | 00367 a2200097 4500 |
| 082 ## - DEWEY DECIMAL CLASSIFICATION NUMBER | |
| Classification number | 363.125 COU |
| 100 ## - MAIN ENTRY--PERSONAL NAME | |
| Personal name | Council, Forrest M. |
| 245 ## - TITLE STATEMENT | |
| Title | Model Minimum Inventory of Roadway Elements-------- MMIRE / |
| Statement of responsibility, etc. | Forrest M. Council...[et al] |
| 260 ## - PUBLICATION, DISTRIBUTION, ETC. | |
| Place of publication, distribution, etc. | Mclean : |
| Name of publisher, distributor, etc. | U. S. Department of Transportation Federal Highway Administration, |
| Date of publication, distribution, etc. | 2007 |
| 300 ## - PHYSICAL DESCRIPTION | |
| Extent | v, 75p. : |
| Other physical details | ill. ; |
| Dimensions | 30 cm |
| 650 ## - SUBJECT ADDED ENTRY--TOPICAL TERM | |
| Topical term or geographic name entry element | Roadway Safety |
| Withdrawn status | Lost status | Damaged status | Not for loan | Permanent Location | Current Location | Shelving location | Date acquired | Total Checkouts | Full call number | Barcode | Date last seen | Price effective from | Koha item type |
|---|---|---|---|---|---|---|---|---|---|---|---|---|---|
| School of Civil and Environmental Engineering (SCEE) | School of Civil and Environmental Engineering (SCEE) | 363.125 COU | NIT-3875 | 01/05/2017 | 01/05/2017 | Book |
